How to be a true muslim / (Record no. 193651)
[ view plain ]
| 000 -LEADER | |
|---|---|
| fixed length control field | 00734 a2200157 4500 |
| 003 - CONTROL NUMBER IDENTIFIER | |
| control field | NUST |
| 005 - DATE AND TIME OF LATEST TRANSACTION | |
| control field | 20221207154440.0 |
| 040 ## - CATALOGING SOURCE | |
| Transcribing agency | Nust |
| 082 ## - DEWEY DECIMAL CLASSIFICATION NUMBER | |
| Classification number | 297,GIL |
| 100 ## - MAIN ENTRY--PERSONAL NAME | |
| Personal name | Gilani, Syed Asad |
| 9 (RLIN) | 104369 |
| 245 ## - TITLE STATEMENT | |
| Title | How to be a true muslim / |
| Statement of responsibility, etc. | Syed Asad Gilani |
| 260 ## - PUBLICATION, DISTRIBUTION, ETC. | |
| Place of publication, distribution, etc. | Lahore |
| Name of publisher, distributor, etc. | Ferozons Pvt Lid |
| Date of publication, distribution, etc. | 1987 |
| 300 ## - PHYSICAL DESCRIPTION | |
| Extent | v; 140 p.: |
| 505 ## - FORMATTED CONTENTS NOTE | |
| Formatted contents note | True Muslim (Page-1), What Is Islam (Page-15), Islamic Characteristics (Page-27), Glimpses Of The Doomsday (Page-41), Imagination Of The Hereafter (Page-49), Concern For The Hereafter (Page-67), Times Of A True Muslim (Page-89), Self Purification (Page-97), Display Of Servitude (Page-107), Service Obligations (Page-123), Reward Of Good Service (Page-131). |
| 942 ## - ADDED ENTRY ELEMENTS (KOHA) | |
| Source of classification or shelving scheme | |
| Koha item type | Book |
| Call number prefix | 297,GIL |
| Withdrawn status | Lost status | Source of classification or shelving scheme | Damaged status | Not for loan | Permanent Location | Current Location | Shelving location | Date acquired | Total Checkouts | Full call number | Barcode | Date last seen | Date last checked out | Price effective from | Koha item type | Public note |
|---|---|---|---|---|---|---|---|---|---|---|---|---|---|---|---|---|
| Military College of Signals (MCS) | Military College of Signals (MCS) | General Stacks | 12/12/2016 | 1 | 297,GIL | MCS1997 | 02/01/2024 | 01/09/2024 | 12/12/2016 | Book | Almirah No.47, Shelf No.1 |
